[Event "Schleswig Holstein-ch Veterans 63rd"]
[Site "Gross Groenau"]
[Date "2008.03.21"]
[Round "9"]
[White "Zweig, Helmut"]
[Black "Schulze, Klaus Dieter"]
[Result "1-0"]
[WhiteElo "1545"]
[BlackElo "1575"]
[PlyCount "73"]
[EventDate "2008.03.15"]
[EventType "swiss"]
[EventRounds "9"]
[EventCountry "GER"]
[SourceTitle "EXT 2010"]
[Source "ChessBase"]
[SourceDate "2010.11.25"]
[SourceVersion "1"]
[SourceVersionDate "2010.11.25"]
[SourceQuality "1"]

1. e4 c5 2. Nf3 Nc6 3. d4 cxd4 4. Nxd4 g6 5. Be3 Bg7 6. Bb5 Nf6 7. Nd2 Nxd4 8. Bxd4 0-0 9. 0-0 a6 10. Be2 b5 11. e5 Nd5 12. c4 bxc4 13. Nxc4 Bb7 14. Bf3 Bc6 15. a4 Rc8 16. Bxd5 Bxd5 17. Bb6 Bxc4 18. Bxd8 Bxf1 19. Qxf1 Rfxd8 20. f4 d5 21. Qxa6 d4 22. Qd3 g5 23. g3 Bh6 24. Rf1 gxf4 25. gxf4 Rc7 26. a5 Rdc8 27. Rf2 Rc1+ 28. Kg2 Ra1 29. a6 Ra8 30. Qxd4 R1xa6 31. Kf3 Ra4 32. b4 Ra3+ 33. Kg4 R8a6 34. Qd8+ Bf8 35. f5 Re3 36. Rg2 f6 37. e6 1-0

[Event "Schleswig Holstein-ch Veterans 63rd"]
[Site "Gross Groenau"]
[Date "2008.03.20"]
[Round "8"]
[White "Zweig, Helmut"]
[Black "Zuendorf, Bodo"]
[Result "0-1"]
[WhiteElo "1545"]
[BlackElo "1685"]
[PlyCount "73"]
[EventDate "2008.03.15"]
[EventType "swiss"]
[EventRounds "9"]
[EventCountry "GER"]
[SourceTitle "EXT 2010"]
[Source "ChessBase"]
[SourceDate "2010.11.25"]
[SourceVersion "1"]
[SourceVersionDate "2010.11.25"]
[SourceQuality "1"]

1. e4 b6 2. Nc3 Bb7 3. Bc4 e6 4. d3 Nf6 5. Nf3 Bb4 6. Bd2 d5 7. exd5 Bxd5 8. Bxd5 exd5 9. Qe2+ Be7 10. 0-0 0-0 11. Rae1 Bb4 12. a3 Bxc3 13. Bxc3 Nbd7 14. Qd2 c5 15. Be5 Re8 16. Bg3 Rxe1 17. Rxe1 Nh5 18. Bh4 Qc7 19. Re7 Qc6 20. Ne5 Nxe5 21. Rxe5 Nf6 22. Qe2 h6 23. f4 c4 24. Bxf6 cxd3 25. Qxd3 Qxf6 26. g3 Rd8 27. c3 Qc6 28. Qd4 Qb5 29. b4 a5 30. Kg2 axb4 31. axb4 f6 32. Re6 Ra8 33. Qxb6 Ra2+ 34. Kh3 Qf1+ 35. Kg4 Rxh2 36. Qe3 Qh3+ 37. Kf3 0-1

[Event "Schleswig Holstein-ch Veterans 62nd"]
[Site "Itzehoe"]
[Date "2007.04.01"]
[Round "2"]
[White "Peter, Klaus"]
[Black "Zweig, Helmut"]
[Result "1/2-1/2"]
[WhiteElo "1593"]
[BlackElo "1515"]
[PlyCount "45"]
[EventDate "2007.03.31"]
[EventType "swiss"]
[EventRounds "9"]
[EventCountry "GER"]
[SourceTitle "EXT 2010"]
[Source "ChessBase"]
[SourceDate "2010.11.25"]
[SourceVersion "1"]
[SourceVersionDate "2010.11.25"]
[SourceQuality "1"]

1. c4 Nf6 2. Nc3 e5 3. d3 Bb4 4. a3 Bxc3+ 5. bxc3 h6 6. Nf3 d6 7. e4 0-0 8. Be2 Bg4 9. 0-0 Nbd7 10. h3 Bh5 11. Nh2 Bxe2 12. Qxe2 Nh7 13. f4 Kh8 14. f5 f6 15. Be3 c6 16. Nf3 Rg8 17. Nh4 Ndf8 18. Qd2 Ng5 19. Nf3 Nfh7 20. Bxg5 fxg5 21. Nh2 Rf8 22. Ng4 Nf6 23. Ne3 1/2-1/2